000 01026cam a2200301 a 4500
999 _c1548
_d1548
001 16506061
003 GZU
005 20201019142441.0
008 101018s2012 at a b 001 0 eng
010 _a 2010939525
020 _a9780495898320
040 _aDLC
_cDLC
042 _apcc
050 0 0 _aHD30.3
_b.MIL 2009
100 1 _aMiller, Katherine,
_d1959-
245 1 0 _aOrganizational communication approaches and processes /
_cKatherine Miller.
250 _a5th ed.
260 _aAustralia ;
_aBoston, MA :
_bCengage,
_cc2009.
300 _axviii, 318 p :
_bill.. ;
_c24 cm.
504 _aIncludes bibliographical references (p. 273-294) and indexes.
650 0 _aCommunication in organizations.
650 0 _aCommunication in personnel management.
650 0 _aInterpersonal communication.
650 0 _aCommunication in organizations
_vCase studies.
906 _a7
_bcbc
_corignew
_d2
_eepcn
_f20
_gy-gencatlg
942 _2lcc
_cBK
_e5th ed.
_h30.3
_iMIL
_kHD